[Event "GBR-ch89"]
[Site "Torquay"]
[Date "2002.08.07"]
[Round "9"]
[White "Webb, Laurence"]
[Black "Saravanan, Venkat"]
[Result "1-0"]
[WhiteElo "2262"]
[BlackElo "2385"]
[PlyCount "85"]
[EventDate "2002.07.29"]
[EventType "swiss"]
[EventRounds "11"]
[EventCountry "GBR"]
[SourceTitle "BritBase"]
[Source "John Saunders"]
[SourceDate "2008.07.14"]
[SourceVersion "1"]
[SourceVersionDate "2008.07.14"]
[SourceQuality "2"]

1. d4 Nf6 2. c4 g6 3. Nc3 Bg7 4. Nf3 O-O 5. Bg5 c5 6. e3 d6 7. Be2 Nc6 8. d5
Na5 9. O-O a6 10. a3 h6 11. Bh4 Ne8 12. Qc2 Bg4 13. Rac1 Rc8 14. Rfe1 Nf6 15.
Bd3 e6 16. Nd2 exd5 17. Bxf6 Bxf6 18. Nxd5 Bg7 19. Ne4 Be6 20. Nf4 g5 21. Nxe6
fxe6 22. Rcd1 Be5 23. g3 Kh8 24. Qe2 Qe8 25. Bb1 Rd8 26. Qc2 Qf7 27. f4 gxf4
28. gxf4 Rg8+ 29. Kh1 d5 30. Ng3 Bf6 31. cxd5 exd5 32. Qxc5 Nc6 33. Ba2 Ne7 34.
e4 Bh4 35. Qd4+ Rg7 36. Rg1 Nc6 37. Qd2 Bxg3 38. Rxg3 Rxg3 39. hxg3 Qh5+ 40.
Kg2 dxe4 41. Qc3+ Nd4 42. Rxd4 Qf3+ 43. Kg1 1-0

[Event "GBR-ch89"]
[Site "Torquay"]
[Date "2002.08.07"]
[Round "9"]
[White "Wells, Peter K"]
[Black "Emms, John M"]
[Result "1-0"]
[WhiteElo "2479"]
[BlackElo "2544"]
[PlyCount "86"]
[EventDate "2002.07.29"]
[EventType "swiss"]
[EventRounds "11"]
[EventCountry "GBR"]
[SourceTitle "BritBase"]
[Source "John Saunders"]
[SourceDate "2008.07.14"]
[SourceVersion "1"]
[SourceVersionDate "2008.07.14"]
[SourceQuality "2"]

1. d4 Nf6 2. c4 e6 3. Nf3 c5 4. d5 d6 5. Nc3 exd5 6. cxd5 g6 7. h3 a6 8. a4 Qe7
9. Bg5 Nbd7 10. e3 h6 11. Bh4 Ne5 12. Nxe5 Qxe5 13. Qb3 Qe7 14. Qb6 Nd7 15.
Bxe7 Nxb6 16. Bf6 Rg8 17. g4 Be7 18. Bxe7 Kxe7 19. f4 Bd7 20. Be2 f5 21. a5 Nc8
22. Kd2 Na7 23. e4 fxe4 24. Nxe4 Rgf8 25. Rhf1 Bb5 26. Rae1 Kd7 27. h4 Rae8 28.
g5 Re7 29. Nf6+ Kd8 30. Bxb5 Nxb5 31. Rxe7 Kxe7 32. Re1+ Kf7 33. Re6 hxg5 34.
hxg5 Rh8 35. Ng4 Rh4 36. Nh6+ Kg7 37. f5 Rd4+ 38. Ke3 Rxd5 39. Rxg6+ Kh7 40.
Re6 Nd4 41. Re7+ Kh8 42. Ke4 Re5+ 43. Rxe5 dxe5 1-0

[Event "GBR-ch89"]
[Site "Torquay"]
[Date "2002.08.07"]
[Round "9"]
[White "Wohl, Aleksandar"]
[Black "Jones, Richard S"]
[Result "1-0"]
[WhiteElo "2419"]
[BlackElo "2234"]
[PlyCount "26"]
[EventDate "2002.07.29"]
[EventType "swiss"]
[EventRounds "11"]
[EventCountry "GBR"]
[SourceTitle "BritBase"]
[Source "John Saunders"]
[SourceDate "2008.07.14"]
[SourceVersion "1"]
[SourceVersionDate "2008.07.14"]
[SourceQuality "2"]

1. e4 c5 2. Nf3 d6 3. a3 Nf6 4. Nc3 Nc6 5. Bc4 g6 6. b4 cxb4 7. axb4 Nxb4 8. e5
dxe5 9. Nxe5 e6 10. O-O Bd6 11. d4 Nd7 12. Ne4 Nxe5 13. Bg5 Qxg5 1-0

[Event "GBR-ch89"]
[Site "Torquay"]
[Date "2002.08.07"]
[Round "9"]
[White "Woodward, Timothy"]
[Black "Collins, Sam IRL"]
[Result "0-1"]
[WhiteElo "2211"]
[BlackElo "2313"]
[PlyCount "96"]
[EventDate "2002.07.29"]
[EventType "swiss"]
[EventRounds "11"]
[EventCountry "GBR"]
[SourceTitle "BritBase"]
[Source "John Saunders"]
[SourceDate "2008.07.14"]
[SourceVersion "1"]
[SourceVersionDate "2008.07.14"]
[SourceQuality "2"]

1. Nf3 d5 2. d4 Nc6 3. Bf4 Bf5 4. e3 e6 5. Be2 h6 6. O-O g5 7. Bg3 h5 8. h4 g4
9. Ne5 Nxe5 10. Bxe5 f6 11. Bf4 Bd6 12. Bxd6 Qxd6 13. g3 Ne7 14. c4 c5 15. Nc3
dxc4 16. Bxc4 cxd4 17. exd4 a6 18. Re1 b5 19. Bb3 Rd8 20. Qe2 Kf7 21. Ne4 Qxd4
22. Bxe6+ Kg7 23. Nc3 Bd3 24. Qe3 Ng6 25. Qxd4 Rxd4 26. Re3 Ne5 27. Rc1 Rhd8
28. Kg2 b4 29. Ne2 Bxe2 30. Rxe2 Rd2 31. Rc7+ Kg6 32. Re4 Nd3 33. Bd7 Nxf2 34.
Bf5+ Kxf5 35. Rf4+ Ke5 36. Rxf2 Rxf2+ 37. Kxf2 Rd2+ 38. Ke3 Rxb2 39. Rc5+ Ke6
40. Rc6+ Kf5 41. Rxa6 Rg2 42. Ra5+ Kg6 43. Kf4 Rf2+ 44. Ke4 Rf3 45. Ra8 Rxg3
46. Rg8+ Kf7 47. Rb8 Rg2 48. Rxb4 Rxa2 0-1

[Event "GBR-ch89"]
[Site "Torquay"]
[Date "2002.08.08"]
[Round "10"]
[White "Aarthie, Ramaswamy"]
[Black "Bigg, Andrew J"]
[Result "1-0"]
[WhiteElo "2290"]
[BlackElo "2248"]
[PlyCount "57"]
[EventDate "2002.07.29"]
[EventType "swiss"]
[EventRounds "11"]
[EventCountry "GBR"]
[SourceTitle "BritBase"]
[Source "John Saunders"]
[SourceDate "2008.07.14"]
[SourceVersion "1"]
[SourceVersionDate "2008.07.14"]
[SourceQuality "2"]

1. e4 e6 2. d4 d5 3. Nd2 Nf6 4. e5 Nfd7 5. c3 c5 6. Bd3 Nc6 7. Ngf3 g6 8. h4
Bg7 9. h5 Qb6 10. Rh4 cxd4 11. cxd4 g5 12. Nxg5 Nxd4 13. h6 Nxe5 14. hxg7 Nxd3+
15. Kf1 Rg8 16. Nb3 Nf5 17. Qxd3 Bd7 18. Qf3 h6 19. Nxf7 Rxg7 20. Ne5 Nxh4 21.
Qh5+ Ng6 22. Nxg6 O-O-O 23. Bf4 Rdg8 24. Rc1+ Bc6 25. Nh4 Qa6+ 26. Kg1 Qxa2 27.
Qe5 Qxb3 28. Qxe6+ Kd8 29. Qd6+ 1-0

[Event "GBR-ch89"]
[Site "Torquay"]
[Date "2002.08.08"]
[Round "10"]
[White "Addison, Bret C"]
[Black "Ledger, David J"]
[Result "1/2-1/2"]
[WhiteElo "2219"]
[BlackElo "2271"]
[PlyCount "43"]
[EventDate "2002.07.29"]
[EventType "swiss"]
[EventRounds "11"]
[EventCountry "GBR"]
[SourceTitle "BritBase"]
[Source "John Saunders"]
[SourceDate "2008.07.14"]
[SourceVersion "1"]
[SourceVersionDate "2008.07.14"]
[SourceQuality "2"]

1. d4 f5 2. g3 Nf6 3. Bg2 e6 4. Nf3 Be7 5. O-O O-O 6. c4 d6 7. Nc3 a5 8. Re1
Ne4 9. Qc2 Nxc3 10. bxc3 Nc6 11. d5 Ne5 12. Nd4 Nxc4 13. dxe6 d5 14. Nxf5 Bxe6
15. Nxe7+ Qxe7 16. e4 Qf7 17. Bf4 c6 18. Rad1 Qg6 19. Qc1 Rad8 20. exd5 Bxd5
21. Bxd5+ cxd5 22. Re7 1/2-1/2

[Event "GBR-ch89"]
[Site "Torquay"]
[Date "2002.08.08"]
[Round "10"]
[White "Barua, Dibyendu"]
[Black "Lee, Graham D"]
[Result "1-0"]
[WhiteElo "2542"]
[BlackElo "2361"]
[PlyCount "125"]
[EventDate "2002.07.29"]
[EventType "swiss"]
[EventRounds "11"]
[EventCountry "GBR"]
[SourceTitle "BritBase"]
[Source "John Saunders"]
[SourceDate "2008.07.14"]
[SourceVersion "1"]
[SourceVersionDate "2008.07.14"]
[SourceQuality "2"]

1. e4 c6 2. d4 d5 3. exd5 cxd5 4. c4 Nf6 5. Nc3 Nc6 6. Bg5 Be6 7. Bxf6 gxf6 8.
c5 Qd7 9. Bb5 Rg8 10. Qf3 O-O-O 11. h3 Bf5 12. Rd1 Qe6+ 13. Nge2 Be4 14. Nxe4
Qxe4 15. Qxe4 dxe4 16. O-O e6 17. Bxc6 bxc6 18. b4 f5 19. f3 exf3 20. Rxf3 Rd7
21. Kf1 Bh6 22. a4 a6 23. Rb1 Rb7 24. b5 axb5 25. axb5 Rxb5 26. Rxb5 cxb5 27.
Rb3 Rd8 28. Nc3 Rxd4 29. Nxb5 Rd1+ 30. Ke2 Rd2+ 31. Kf3 Kd7 32. Na7 Rc2 33. c6+
Kd8 34. Rb8+ Kc7 35. Rb7+ Kd8 36. Rxf7 Rc3+ 37. Ke2 Bf4 38. Rxh7 e5 39. g3 Bxg3
40. Rd7+ Ke8 41. Rg7 e4 42. Nb5 Be5 43. Rg8+ Kf7 44. Nxc3 Kxg8 45. Nd5 Kf7 46.
c7 Bxc7 47. Nxc7 Kf6 48. Kf2 f4 49. Nd5+ Kg5 50. Kg2 Kf5 51. Nc3 Ke5 52. Nd1
Kf6 53. Nf2 Kf5 54. Ng4 Kg5 55. Ne5 Kf6 56. Nc4 Kf5 57. Nd2 Ke5 58. h4 Kf5 59.
Kh3 e3 60. Nf3 e2 61. Nd4+ Ke4 62. Nxe2 Ke3 63. Ng1 1-0

[Event "GBR-ch89"]
[Site "Torquay"]
[Date "2002.08.08"]
[Round "10"]
[White "Buckley, Melanie"]
[Black "Vijayalakshmi, Subbaraman"]
[Result "0-1"]
[WhiteElo "2184"]
[BlackElo "2399"]
[PlyCount "130"]
[EventDate "2002.07.29"]
[EventType "swiss"]
[EventRounds "11"]
[EventCountry "GBR"]
[SourceTitle "BritBase"]
[Source "John Saunders"]
[SourceDate "2008.07.14"]
[SourceVersion "1"]
[SourceVersionDate "2008.07.14"]
[SourceQuality "2"]

1. e4 e5 2. Bc4 Nf6 3. d3 c6 4. Nf3 Be7 5. O-O d6 6. c3 O-O 7. Bb3 Nbd7 8. Nbd2
Qc7 9. d4 Rd8 10. Re1 Nf8 11. Nf1 Ng6 12. Ng3 d5 13. exd5 exd4 14. Nxd4 Nxd5
15. Qf3 Bf6 16. Bxd5 cxd5 17. Nh5 Be5 18. Ng3 Qb6 19. Nb3 Be6 20. Be3 Qb5 21.
Qe2 Qxe2 22. Nxe2 Bf6 23. Bd4 Bg5 24. g3 Re8 25. f4 Bd8 26. Nec1 Bc7 27. Nd3 b6
28. Ne5 f6 29. Nxg6 hxg6 30. Re3 Bf5 31. Rae1 Rxe3 32. Rxe3 Kf7 33. Nd2 Bd6 34.
Kg2 Rc8 35. h3 Bc5 36. Nb3 Bc2 37. Re2 Bxb3 38. axb3 Bxd4 39. cxd4 Rc1 40. Kf3
b5 41. Ke3 b4 42. Rg2 Ke6 43. Kd2 Rh1 44. Ke3 Rxh3 45. Kf3 Rh1 46. Rc2 Rf1+ 47.
Ke3 Kd6 48. Ke2 Rb1 49. Kf2 Rd1 50. Ke3 Re1+ 51. Kf2 Re4 52. Rd2 g5 53. fxg5
fxg5 54. Kf3 g4+ 55. Kf2 Kc6 56. Rd3 a5 57. Rd2 Kb5 58. Rd1 a4 59. bxa4+ Kxa4
60. Rd3 g6 61. Kf1 b3 62. Kf2 Kb4 63. Kf1 Re7 64. Kf2 Rc7 65. Ke3 Rc2 0-1

[Event "GBR-ch89"]
[Site "Torquay"]
[Date "2002.08.08"]
[Round "10"]
[White "Collins, Sam IRL"]
[Black "Hebden, Mark L"]
[Result "1/2-1/2"]
[WhiteElo "2313"]
[BlackElo "2534"]
[PlyCount "98"]
[EventDate "2002.07.29"]
[EventType "swiss"]
[EventRounds "11"]
[EventCountry "GBR"]
[SourceTitle "BritBase"]
[Source "John Saunders"]
[SourceDate "2008.07.14"]
[SourceVersion "1"]
[SourceVersionDate "2008.07.14"]
[SourceQuality "2"]

1. e4 e5 2. Nf3 Nc6 3. Nc3 Nf6 4. Bb5 Nd4 5. Nxd4 exd4 6. e5 dxc3 7. exf6 Qxf6
8. dxc3 Bc5 9. Qe2+ Qe6 10. O-O O-O 11. Bf4 d6 12. Bd3 Qxe2 13. Bxe2 a5 14. a4
Bd7 15. Bb5 c6 16. Bd3 Rfe8 17. Rfe1 Re6 18. Kf1 Rae8 19. Rab1 Rxe1+ 20. Rxe1
Rxe1+ 21. Kxe1 b5 22. axb5 cxb5 23. c4 b4 24. b3 Kf8 25. Ke2 Ke7 26. Be3 h6 27.
h4 a4 28. bxa4 Bxa4 29. g3 {(=)} Bd7 30. Kd2 Be6 31. Bxc5 dxc5 32. Ke3 Kf6 33.
Kf4 g5+ 34. hxg5+ hxg5+ 35. Ke3 Ke7 36. Ke4 Kf6 37. Ke3 Ke5 38. f3 f5 39. f4+
Kf6 40. Kd2 Bd7 41. Kc1 Bc6 42. Kb2 Bf3 43. c3 bxc3+ 44. Kxc3 Kg6 45. Kd2 gxf4
46. gxf4 Bg4 47. Ke3 Kh5 48. Kf2 Kh4 49. Kg2 Bh3+ 1/2-1/2

[Event "GBR-ch89"]
[Site "Torquay"]
[Date "2002.08.08"]
[Round "10"]
[White "Cox, John J"]
[Black "Evans-Quek, Suan"]
[Result "0-1"]
[WhiteElo "2311"]
[BlackElo "2268"]
[PlyCount "106"]
[EventDate "2002.07.29"]
[EventType "swiss"]
[EventRounds "11"]
[EventCountry "GBR"]
[SourceTitle "BritBase"]
[Source "John Saunders"]
[SourceDate "2008.07.14"]
[SourceVersion "1"]
[SourceVersionDate "2008.07.14"]
[SourceQuality "2"]

1. c4 d6 2. Nc3 e5 3. g3 f5 4. Bg2 Nf6 5. d3 Be7 6. e4 c6 7. Nge2 O-O 8. O-O
Na6 9. h3 Qe8 10. exf5 Bxf5 11. g4 Be6 12. b3 h5 13. g5 Nd7 14. d4 Bf5 15. Ng3
Bg6 16. d5 Ndc5 17. Nge4 Rd8 18. Qe2 Nxe4 19. Nxe4 cxd5 20. cxd5 Rc8 21. Ba3
Qd7 22. Rac1 Nc7 23. Rcd1 Nb5 24. Bb2 Rf4 25. a4 Bxe4 26. Bxe4 Nc3 27. Bxc3
Rxc3 28. Rd3 Rxd3 29. Qxd3 Bd8 30. g6 Bb6 31. Kh2 Qd8 32. f3 Qh4 33. Qd2 Rf8
34. Kg2 Bd8 35. Qf2 Qf4 36. Qg3 Qe3 37. b4 Bb6 38. Qe1 Qg5+ 39. Kh1 Be3 40. Qe2
Rc8 41. Rd1 Bf4 42. Qg2 Qh4 43. b5 Kf8 44. Bf5 Rc5 45. Qe2 Ke7 46. Rg1 Rc3 47.
a5 Kf6 48. Be6 Be3 49. Rf1 Qf4 50. a6 b6 51. Qd1 Qc4 52. Qb1 Rc2 53. f4 Qe4+
0-1

[Event "GBR-ch89"]
[Site "Torquay"]
[Date "2002.08.08"]
[Round "10"]
[White "Devereaux, Max"]
[Black "Buckley, Simon T"]
[Result "1/2-1/2"]
[WhiteElo "2268"]
[BlackElo "2237"]
[PlyCount "163"]
[EventDate "2002.07.29"]
[EventType "swiss"]
[EventRounds "11"]
[EventCountry "GBR"]
[SourceTitle "BritBase"]
[Source "John Saunders"]
[SourceDate "2008.07.14"]
[SourceVersion "1"]
[SourceVersionDate "2008.07.14"]
[SourceQuality "2"]

1. Nf3 d6 2. e4 c5 3. c3 Nf6 4. d4 Nxe4 5. Bd3 Nf6 6. Bg5 e6 7. Nbd2 cxd4 8.
cxd4 Be7 9. Rc1 Nc6 10. Qe2 Nb4 11. Bxf6 Nxd3+ 12. Qxd3 Bxf6 13. Qb5+ Qd7 14.
Ne4 Be7 15. Qh5 O-O 16. O-O b6 17. Rc3 Bb7 18. Nfd2 Bxe4 19. Nxe4 d5 20. Rh3 h6
21. Nd2 Qd6 22. Nf3 Qf4 23. Re1 Bf6 24. g3 Qf5 25. Qxf5 exf5 26. Rh5 g6 27.
Rxh6 Rfc8 28. Re2 Rc1+ 29. Kg2 Rac8 30. Ne5 R1c2 31. Rxc2 Rxc2 32. g4 Bxe5 33.
dxe5 fxg4 34. e6 fxe6 35. Rxg6+ Kf7 36. Rxg4 Rxb2 37. h4 Rxa2 38. h5 Rc2 39. h6
Rc8 40. Rg7+ Kf6 41. Rxa7 Rh8 42. h7 Kg6 43. Re7 Kf6 44. Rb7 b5 45. Kf3 b4 46.
Ke3 Ke5 47. f4+ Kf5 48. Rf7+ Kg6 49. Re7 Kf6 50. Rb7 b3 51. Kd3 Kg6 52. Re7 Kf6
53. Rb7 b2 54. Kc2 Kg6 55. Re7 Kf6 56. Rb7 Kg6 57. Re7 Rxh7 58. Rxe6+ Kf7 59.
Rd6 Rh2+ 60. Kb1 Rd2 61. Rb6 Rf2 62. Rxb2 Rxf4 63. Rb7+ Kf6 64. Kc2 Rf3 65. Kd2
Rh3 66. Rb4 Kf5 67. Ra4 Rh2+ 68. Ke3 Rg2 69. Rh4 Rg3+ 70. Kd2 Ke6 71. Rh8 Ke5
72. Rh4 Rb3 73. Rg4 Rb2+ 74. Kd3 Rb1 75. Rh4 Rc1 76. Rg4 Rd1+ 77. Kc2 Rh1 78.
Kd3 Rh3+ 79. Kd2 d4 80. Rg8 Rh2+ 81. Kd3 Rh1 82. Rg5+ 1/2-1/2

[Event "GBR-ch89"]
[Site "Torquay"]
[Date "2002.08.08"]
[Round "10"]
[White "Dhar Barua, Saheli"]
[Black "Martyn, Rafe"]
[Result "1-0"]
[WhiteElo "2221"]
[BlackElo "2201"]
[PlyCount "97"]
[EventDate "2002.07.29"]
[EventType "swiss"]
[EventRounds "11"]
[EventCountry "GBR"]
[SourceTitle "BritBase"]
[Source "John Saunders"]
[SourceDate "2008.07.14"]
[SourceVersion "1"]
[SourceVersionDate "2008.07.14"]
[SourceQuality "2"]

1. e4 c5 2. Nf3 d6 3. d4 cxd4 4. Nxd4 Nf6 5. Nc3 g6 6. Be3 Bg7 7. f3 Nc6 8. Qd2
O-O 9. Bc4 Bd7 10. h4 Ne5 11. Bd3 Qa5 12. O-O-O Rfc8 13. Kb1 Nc4 14. Bxc4 Rxc4
15. Nb3 Qc7 16. h5 Rxc3 17. Qxc3 Qxc3 18. bxc3 Nxh5 19. Bd4 Nf6 20. c4 b6 21.
e5 dxe5 22. Bxe5 Be6 23. Rh4 h5 24. c5 Rc8 25. cxb6 axb6 26. Rhd4 Kh7 27. Rd8
Rxd8 28. Rxd8 Bc4 29. Nd2 Be2 30. a4 e6 31. Kb2 h4 32. c4 Nh5 33. Bxg7 Kxg7 34.
a5 bxa5 35. c5 Bb5 36. Nb3 Nf4 37. Nd4 Ba6 38. c6 Nd5 39. Ra8 Bf1 40. Rxa5 Ne7
41. c7 h3 42. gxh3 Bxh3 43. Nc6 Nc8 44. Ne5 Kf6 45. Ra8 Kxe5 46. Rxc8 Kd6 47.
Rh8 Kxc7 48. Rxh3 Kd6 49. Kc3 1-0

[Event "GBR-ch89"]
[Site "Torquay"]
[Date "2002.08.08"]
[Round "10"]
[White "Dorrington, Christopher"]
[Black "Woodward, Timothy"]
[Result "1/2-1/2"]
[WhiteElo "2218"]
[BlackElo "2211"]
[PlyCount "36"]
[EventDate "2002.07.29"]
[EventType "swiss"]
[EventRounds "11"]
[EventCountry "GBR"]
[SourceTitle "BritBase"]
[Source "John Saunders"]
[SourceDate "2008.07.14"]
[SourceVersion "1"]
[SourceVersionDate "2008.07.14"]
[SourceQuality "2"]

1. e4 c6 2. c4 d5 3. exd5 cxd5 4. cxd5 Nf6 5. Nc3 Nxd5 6. Nf3 Nc6 7. Bc4 Nb6 8.
Bb3 Bf5 9. d4 e6 10. O-O Be7 11. Be3 O-O 12. d5 Nxd5 13. Nxd5 exd5 14. Bxd5 Nb4
15. Bxb7 Rb8 16. Nd4 Bd3 17. Re1 Rxb7 18. a3 Bf6 1/2-1/2

[Event "GBR-ch89"]
[Site "Torquay"]
[Date "2002.08.08"]
[Round "10"]
[White "Douglas, Timothy"]
[Black "White, Ian G"]
[Result "1-0"]
[WhiteElo "2174"]
[BlackElo "2015"]
[PlyCount "59"]
[EventDate "2002.07.29"]
[EventType "swiss"]
[EventRounds "11"]
[EventCountry "GBR"]
[SourceTitle "BritBase"]
[Source "John Saunders"]
[SourceDate "2008.07.14"]
[SourceVersion "1"]
[SourceVersionDate "2008.07.14"]
[SourceQuality "2"]

1. Nf3 Nf6 2. g3 g6 3. Bg2 Bg7 4. O-O d5 5. d3 O-O 6. Nbd2 c5 7. e4 e6 8. Re1
Nc6 9. c3 b5 10. e5 Nd7 11. d4 a5 12. Nf1 Ba6 13. Bg5 Qc7 14. h4 b4 15. Ne3
bxc3 16. bxc3 cxd4 17. cxd4 Rfc8 18. Ng4 Rab8 19. Qd2 h5 20. Nf6+ Bxf6 21. exf6
Qd8 22. Rxe6 Qf8 23. Ree1 Qb4 24. Qf4 Re8 25. Bh3 Nb6 26. Bh6 Be2 27. Bg7 Bxf3
28. Qh6 Rxe1+ 29. Bf1 Rxf1+ 30. Rxf1 1-0

[Event "GBR-ch89"]
[Site "Torquay"]
[Date "2002.08.08"]
[Round "10"]
[White "Emms, John M"]
[Black "Wohl, Aleksandar"]
[Result "0-1"]
[WhiteElo "2544"]
[BlackElo "2419"]
[PlyCount "72"]
[EventDate "2002.07.29"]
[EventType "swiss"]
[EventRounds "11"]
[EventCountry "GBR"]
[SourceTitle "BritBase"]
[Source "John Saunders"]
[SourceDate "2008.07.14"]
[SourceVersion "1"]
[SourceVersionDate "2008.07.14"]
[SourceQuality "2"]

1. e4 e5 2. Nf3 Nc6 3. Bb5 Nge7 4. Nc3 d6 5. d4 Bd7 6. O-O a6 7. Bc4 h6 8. dxe5
dxe5 9. Nh4 b5 10. Bb3 Nd4 11. Qh5 Nxb3 12. axb3 b4 13. Na4 Bxa4 14. Rxa4 Nc6
15. Be3 Qf6 16. Qg4 g6 17. Nf3 Bg7 18. Nd2 O-O 19. Rfa1 a5 20. Nc4 Rfd8 21. Qe2
Qh4 22. f3 f5 23. exf5 gxf5 24. Nxa5 Nd4 25. Qc4+ Kh8 26. Nc6 Rxa4 27. bxa4
Nxf3+ 28. gxf3 Qxc4 29. Nxd8 e4 30. fxe4 Bxb2 31. Re1 Bc3 32. Rd1 Qe2 33. Rd3
fxe4 34. Rxc3 bxc3 35. Bd4+ Kg8 36. Ne6 e3 0-1

[Event "GBR-ch89"]
[Site "Torquay"]
[Date "2002.08.08"]
[Round "10"]
[White "Evans-Quek, Debbie"]
[Black "Gregory, Stephen J"]
[Result "0-1"]
[WhiteElo "2069"]
[BlackElo "2173"]
[PlyCount "100"]
[EventDate "2002.07.29"]
[EventType "swiss"]
[EventRounds "11"]
[EventCountry "GBR"]
[SourceTitle "BritBase"]
[Source "John Saunders"]
[SourceDate "2008.07.14"]
[SourceVersion "1"]
[SourceVersionDate "2008.07.14"]
[SourceQuality "2"]

1. g3 Nf6 2. Bg2 g6 3. Nf3 Bg7 4. O-O O-O 5. d3 d6 6. e4 c5 7. Re1 Nc6 8. c3 e5
9. a3 a5 10. a4 h6 11. Na3 Be6 12. d4 cxd4 13. cxd4 exd4 14. Nxd4 Nxd4 15. Qxd4
Ng4 16. Qd1 Qb6 17. Re2 Bb3 18. Qe1 Kh7 19. h3 Ne5 20. Be3 Qb4 21. Nb5 Qxe1+
22. Rexe1 Nd3 23. Re2 Rfd8 24. Bd4 Rac8 25. Bxg7 Kxg7 26. Rd2 Nc5 27. Nc3 Bxa4
28. Rxa4 Nxa4 29. Nxa4 Rc1+ 30. Bf1 b5 31. Nb6 Kf6 32. f4 Ke6 33. Kg2 Rb8 34.
Nd5 Rbc8 35. Bd3 b4 36. b3 a4 37. bxa4 b3 38. Ne3 R8c3 39. f5+ gxf5 40. exf5+
Kd7 41. Nd1 R1c2 42. Bb5+ Kc7 43. Nxc3 Rxd2+ 44. Kf3 b2 45. Bc4 Rc2 46. Nb5+
Kd7 47. Ba2 Rc1 48. Nd4 Ra1 49. Bxf7 b1=Q 50. Be6+ Ke7 0-1

[Event "GBR-ch89"]
[Site "Torquay"]
[Date "2002.08.08"]
[Round "10"]
[White "Flear, Glenn"]
[Black "Wall, Gavin"]
[Result "1-0"]
[WhiteElo "2538"]
[BlackElo "2367"]
[PlyCount "65"]
[EventDate "2002.07.29"]
[EventType "swiss"]
[EventRounds "11"]
[EventCountry "GBR"]
[SourceTitle "BritBase"]
[Source "John Saunders"]
[SourceDate "2008.07.14"]
[SourceVersion "1"]
[SourceVersionDate "2008.07.14"]
[SourceQuality "2"]

1. d4 f5 2. g3 Nf6 3. Bg2 g6 4. Nf3 Bg7 5. O-O O-O 6. c4 d6 7. Nc3 Qe8 8. Nd5
Nxd5 9. cxd5 Qb5 10. Ng5 Na6 11. h4 c5 12. dxc6 bxc6 13. a4 Qb6 14. d5 c5 15.
h5 Rb8 16. hxg6 hxg6 17. e4 c4 18. Qe2 Nc5 19. exf5 Bxf5 20. Bh3 Bxh3 21. Nxh3
Nd3 22. Qe6+ Kh8 23. Ng5 Rf5 24. Qxg6 Rxg5 25. Bxg5 Qxb2 26. Kg2 Qe5 27. Rh1+
Kg8 28. Rh7 Rf8 29. Rf1 Qxd5+ 30. f3 Qe5 31. Bh6 Qb2+ 32. Kh3 Rf7 33. Rb1 1-0

[Event "GBR-ch89"]
[Site "Torquay"]
[Date "2002.08.08"]
[Round "10"]
[White "Ganguly, Surya Shekhar"]
[Black "Lalic, Bogdan"]
[Result "1/2-1/2"]
[WhiteElo "2524"]
[BlackElo "2540"]
[PlyCount "128"]
[EventDate "2002.07.29"]
[EventType "swiss"]
[EventRounds "11"]
[EventCountry "GBR"]
[SourceTitle "BritBase"]
[Source "John Saunders"]
[SourceDate "2008.07.14"]
[SourceVersion "1"]
[SourceVersionDate "2008.07.14"]
[SourceQuality "2"]

1. e4 e5 2. Nf3 Nc6 3. Nc3 Nf6 4. g3 d5 5. exd5 Nxd5 6. Bg2 Nxc3 7. bxc3 Bc5 8.
O-O O-O 9. Re1 Qf6 10. Qe2 Bg4 11. Rb1 Bb6 12. h3 Bh5 13. d3 e4 14. dxe4 Bxf3
15. Qxf3 Qe6 16. a3 Rad8 17. Kh1 Rd5 18. Qe2 Rc5 19. Bd2 Qa2 20. Rec1 Qxa3 21.
f4 Qa2 22. e5 Qe6 23. Re1 Qg6 24. Qd3 Rd8 25. Qxg6 hxg6 26. Re2 a6 27. Be4 Rb5
28. Rxb5 axb5 29. Bd3 b4 30. cxb4 Nd4 31. Rg2 Nf3 32. Bc3 Bd4 33. Bxd4 Rxd4 34.
Be2 Ne1 35. c3 Rd2 36. Rh2 Rc2 37. c4 Rc3 38. Kg1 Nc2 39. Kf2 Nd4 40. Rh1 Rc2
41. Re1 Rb2 42. b5 Kf8 43. Kf1 Nf5 44. g4 Nd4 45. Bd3 Ne6 46. f5 Nc5 47. Be4
gxf5 48. gxf5 Ke7 49. Re3 Rb4 50. Bd5 c6 51. bxc6 bxc6 52. Bxc6 Rxc4 53. Ke2
Ne6 54. fxe6 Rxc6 55. exf7 Kxf7 56. Kf3 Ke6 57. Kf4 Rc1 58. Kg5 Rg1+ 59. Kh5
Rg2 60. Re4 Rg1 61. h4 Rg2 62. Rg4 Rxg4 63. Kxg4 Kxe5 64. Kg5 Ke6 1/2-1/2

[Event "GBR-ch89"]
[Site "Torquay"]
[Date "2002.08.08"]
[Round "10"]
[White "Gormally, Daniel W"]
[Black "Grant, Jonathan"]
[Result "1-0"]
[WhiteElo "2525"]
[BlackElo "2201"]
[PlyCount "137"]
[EventDate "2002.07.29"]
[EventType "swiss"]
[EventRounds "11"]
[EventCountry "GBR"]
[SourceTitle "BritBase"]
[Source "John Saunders"]
[SourceDate "2008.07.14"]
[SourceVersion "1"]
[SourceVersionDate "2008.07.14"]
[SourceQuality "2"]

1. d4 Nf6 2. Nf3 e6 3. c4 Bb4+ 4. Bd2 Qe7 5. g3 Nc6 6. Bg2 Bxd2+ 7. Nbxd2 d6 8.
O-O O-O 9. e4 e5 10. d5 Nb8 11. Ne1 Bg4 12. f3 Bd7 13. Nd3 c6 14. Qb3 b5 15.
cxb5 cxb5 16. f4 a5 17. Rae1 Na6 18. fxe5 dxe5 19. Qc3 Rfe8 20. Nf3 Nb4 21.
Nfxe5 Rac8 22. Qd2 Rc2 23. Qf4 Nxa2 24. Ra1 Nb4 25. Rxa5 Nxd3 26. Nxd3 Rc4 27.
d6 Qe6 28. Ra7 h6 29. b3 Rc3 30. Nb4 Rxb3 31. Nd5 Rd3 32. Nc7 Qxd6 33. Qxd6
Rxd6 34. Nxe8 Nxe8 35. e5 Rd4 36. Ra8 Kf8 37. e6 Bxe6 38. Bc6 Bd7 39. Rd8 Bxc6
40. Rxd4 Nf6 41. Re1 Bd7 42. Re5 g6 43. Rd6 Kg7 44. Re7 Bc8 45. Rc6 Nd5 46. Re5
Be6 47. Rexe6 fxe6 48. Rxe6 b4 49. Rd6 Ne3 50. Rd3 Nc2 51. Rb3 h5 52. Rb2 Nd4
53. Rxb4 Nf3+ 54. Kg2 Ne1+ 55. Kf1 Nf3 56. h3 Kh6 57. Rf4 Ne5 58. Ke2 Kg7 59.
Ke3 Nf7 60. h4 Nh6 61. Ke4 Nf7 62. Kd5 Nh6 63. Ke6 Ng4 64. Rf7+ Kh6 65. Re7 Ne3
66. Kf7 Ng4 67. Kf8 Nf6 68. Re6 Ng4 69. Kg8 1-0

[Event "GBR-ch89"]
[Site "Torquay"]
[Date "2002.08.08"]
[Round "10"]
[White "Hanley, Craig A"]
[Black "Ward, Christopher G"]
[Result "0-1"]
[WhiteElo "2331"]
[BlackElo "2498"]
[PlyCount "104"]
[EventDate "2002.07.29"]
[EventType "swiss"]
[EventRounds "11"]
[EventCountry "GBR"]
[SourceTitle "BritBase"]
[Source "John Saunders"]
[SourceDate "2008.07.14"]
[SourceVersion "1"]
[SourceVersionDate "2008.07.14"]
[SourceQuality "2"]

1. e4 c5 2. c3 Nf6 3. e5 Nd5 4. Nf3 e6 5. d4 cxd4 6. cxd4 d6 7. Bc4 Nb6 8. Bd3
dxe5 9. Nxe5 Nc6 10. Qf3 Nxe5 11. dxe5 Nd7 12. O-O Nxe5 13. Bb5+ Bd7 14. Qxb7
Qc8 15. Bxd7+ Nxd7 16. Qxc8+ Rxc8 17. Nc3 Bb4 18. Bd2 Nb6 19. Rfc1 Ke7 20. a3
Bxc3 21. Bxc3 f6 22. Bd4 Rhd8 23. Bc5+ Kf7 24. b4 Rc7 25. a4 Rdc8 26. Rd1 Nd5
27. a5 a6 28. Rd4 Rb7 29. Rad1 Rcb8 30. g3 Rb5 31. h4 h5 32. Rxd5 exd5 33. Rxd5
Kg6 34. Kg2 Ra8 35. Kf3 Rbb8 36. Ke4 Re8+ 37. Kd3 Re1 38. Rd6 Kf5 39. Kc4 Ke5
40. Rd5+ Ke4 41. Rxh5 Rc1+ 42. Kb3 Rd8 43. Be3 Rd3+ 44. Kb2 Rc4 45. Bc5 Rd2+
46. Kb3 Rdc2 47. f3+ Kxf3 48. Bd4 Ke4 49. Bb2 Rc7 50. Rh7 Rf2 51. b5 Rf3+ 52.
Kb4 Kd5 0-1